000 00719cam a22002293a 4500
001 22238
003 PGUSA
005 20140828083455.0
008 070804s2007||||xxu|||||s|||||000 | eng d
040 _aPGUSA
_beng
042 _adc
050 4 _aE151
100 1 _aGriffis, William Elliot,
_d1843-1928
245 1 0 _aCharles Carleton Coffin :
_bWar Correspondent, Traveller, Author, and Statesman
_h[electronic resource] /
_cWilliam Elliot Griffis
260 _bProject Gutenberg,
_c2007
506 _aPublic domain in the USA.
516 _aElectronic text
653 _aCoffin, Charles Carleton, 1823-1896
830 0 _aProject Gutenberg
_v22238
856 4 0 _uhttp://www.gutenberg.org/ebooks/22238
942 _cEB
999 _c251493
_d251493